Компьютерный вирус: проблемы и прогноз

Bibliographic Details
Main Author: Файтс Ф. Филип
Other Authors: Джонстон П. Питер, Кратц М. Мартин
Summary:Небольшая книга американских специалистов, дающая в доступной форме представление о компьютерном вирусе. В ней обобщается имеющийся опыт по защите информации от зараженности, приведен обзор антивирусных программных продуктов и даны практические рекомендации для пользователей по профилактике заражения компьютерным вирусом. Для программистов разной квалификации.
Language:Russian
Published: Москва, Мир, 1993
Subjects:
Format: Book
KOHA link:https://koha.lib.tpu.ru/cgi-bin/koha/opac-detail.pl?biblionumber=26201

MARC

LEADER 00000nam0a2200000 4500
001 26201
005 20231030201522.0
010 |a 5030024468 
035 |a (RuTPU)RU\TPU\book\26442 
035 |a BOOK00026517 
090 |a 26201 
100 |a 20011209d1994 km y0rusy50 ca 
101 1 |a rus  |c eng 
102 |a RU 
105 |a a z 001zy 
200 1 |a Компьютерный вирус: проблемы и прогноз  |f Ф. Файтс, П. Джонстон, М. Кратц 
210 |a Москва  |c Мир  |d 1993 
215 |a 176 с.  |c ил. 
320 |a Библиогр.: с. 163-172. 
320 |a Глоссарий: с. 153-162. 
330 |a Небольшая книга американских специалистов, дающая в доступной форме представление о компьютерном вирусе. В ней обобщается имеющийся опыт по защите информации от зараженности, приведен обзор антивирусных программных продуктов и даны практические рекомендации для пользователей по профилактике заражения компьютерным вирусом. Для программистов разной квалификации. 
610 1 |a программирование 
610 1 |a вычислительная техника 
610 1 |a информация 
610 1 |a защита 
610 1 |a безопасность 
610 1 |a вирусы 
675 |a 681.3.067  |v 3 
700 1 |a Файтс  |b Ф.  |g Филип 
701 1 |a Джонстон  |b П.  |g Питер 
701 1 |a Кратц  |b М.  |g Мартин 
801 0 |a RU  |b 63413507  |c 20011209  |g PSBO 
801 2 |a RU  |b 63413507  |c 20100209  |g PSBO 
942 |c BK